[Event "Online Olym Div3 A"]
[Site "Chess.com INT"]
[Date "2021.08.28"]
[Round "4.4"]
[White "Sikivou, Taione"]
[Black "Arunnuntapanich, Tinnakrit"]
[Result "1-0"]
[WhiteElo "1834"]
[BlackElo "2094"]
[PlyCount "117"]
[EventDate "2021.08.27"]
[EventType "team-tourn (rapid)"]
[EventRounds "9"]
[EventCountry "USA"]
[SourceTitle "CBM 204 Extra"]
[Source "ChessBase"]
[SourceDate "2021.11.30"]
[SourceVersion "1"]
[SourceVersionDate "2021.11.30"]
[SourceQuality "1"]
[WhiteTeam "Fiji"]
[BlackTeam "Thailand"]
[WhiteTeamCountry "FIJ"]
[BlackTeamCountry "THA"]

1. e4 c5 2. Nc3 Nc6 3. Bb5 Nd4 4. Nf3 a6 5. Bd3 Nc6 6. b3 d6 7. 0-0 Nf6 8. Re1 Bg4 9. Be2 e6 10. h3 Bh5 11. Bb2 Be7 12. d3 0-0 13. Nb1 e5 14. Nbd2 b5 15. Nh2 Bxe2 16. Qxe2 Ne8 17. Ng4 Bg5 18. Nf3 h5 19. Nxg5 Qxg5 20. Ne3 Nc7 21. Nf5 Rad8 22. Bc1 Qg6 23. Be3 Nd4 24. Bxd4 cxd4 25. Ne7+ Kh7 26. Nxg6 fxg6 27. Rf1 Ne6 28. g3 Rd7 29. b4 Rc7 30. a4 Rfc8 31. Rfc1 Rf7 32. axb5 axb5 33. Ra6 Rd7 34. Rca1 Rc3 35. Ra7 Rd8 36. R1a2 Ng5 37. Kg2 Rf8 38. Rb7 h4 39. gxh4 Ne6 40. Qg4 Nf4+ 41. Kh2 Nh5 42. Kg1 Rf4 43. Qd7 Rxh4 44. Rxb5 Nf6 45. Qe6 Nh5 46. Rb7 Rc6 47. Rb8 Nf4 48. Qg8+ Kh6 49. Qh8+ Kg5 50. Qxg7 Nxh3+ 51. Kf1 Nf4 52. Qe7+ Kg4 53. f3+ Kg3 54. Qg5+ Kh3 55. b5 Rc5 56. Rb2 Rc3 57. b6 Ra3 58. Kf2 Ra1 59. Qg3# 1-0

[Event "Online Olym Div4 A"]
[Site "Chess.com INT"]
[Date "2021.08.22"]
[Round "9.5"]
[White "Pillay, Ragul Snega"]
[Black "Sikivou, Taione"]
[Result "0-1"]
[WhiteElo "1341"]
[BlackElo "1834"]
[PlyCount "80"]
[EventDate "2021.08.20"]
[EventType "team (rapid)"]
[EventRounds "11"]
[EventCountry "USA"]
[SourceTitle "CBM 203 Extra"]
[Source "ChessBase"]
[SourceDate "2021.09.30"]
[SourceVersion "1"]
[SourceVersionDate "2021.09.30"]
[SourceQuality "1"]
[WhiteTeam "Seychelles"]
[BlackTeam "Fiji"]
[WhiteTeamCountry "SEY"]
[BlackTeamCountry "FIJ"]

1. d4 d5 2. c4 c6 3. cxd5 cxd5 4. Nc3 Nf6 5. Nf3 Nc6 6. g3 Bf5 7. Bg2 e6 8. 0-0 Be7 9. Re1 0-0 10. Bf4 a6 11. Ne5 Rc8 12. Nxc6 bxc6 13. e4 Bg6 14. Rc1 Bb4 15. Bg5 h6 16. Bh4 Be7 17. Qe2 Bh5 18. Bf3 Bxf3 19. Qxf3 g5 20. Bxg5 hxg5 21. e5 Ne8 22. Qg4 Ng7 23. Rf1 c5 24. Rcd1 cxd4 25. Rxd4 Qc7 26. h4 Qxe5 27. h5 Nxh5 28. Kg2 Nf6 29. Qd1 Kg7 30. Re1 Qf5 31. Ne2 Rh8 32. Ng1 Rc2 33. Re2 Rxe2 34. Qxe2 Bc5 35. g4 Qh7 36. Rd3 Qh1+ 37. Kf1 Ne4 38. Rf3 Rh2 39. Qxa6 Nd2+ 40. Ke1 Nxf3+ 0-1

[Event "Online Olym Div4 A"]
[Site "Chess.com INT"]
[Date "2021.08.21"]
[Round "4.5"]
[White "Muhammed, Shuaau"]
[Black "Sikivou, Taione"]
[Result "1-0"]
[WhiteElo "1925"]
[BlackElo "1834"]
[PlyCount "111"]
[EventDate "2021.08.20"]
[EventType "team (rapid)"]
[EventRounds "11"]
[EventCountry "USA"]
[SourceTitle "CBM 203 Extra"]
[Source "ChessBase"]
[SourceDate "2021.09.30"]
[SourceVersion "1"]
[SourceVersionDate "2021.09.30"]
[SourceQuality "1"]
[WhiteTeam "Maldives"]
[BlackTeam "Fiji"]
[WhiteTeamCountry "MDV"]
[BlackTeamCountry "FIJ"]

1. e4 c6 2. d4 d5 3. e5 c5 4. dxc5 e6 5. a3 Bxc5 6. b4 Bb6 7. Nf3 Ne7 8. Bb2 Ng6 9. Nbd2 0-0 10. c4 a6 11. h4 Nc6 12. h5 Nge7 13. c5 Bc7 14. Bd3 b6 15. Qc2 h6 16. cxb6 Bxb6 17. g4 Bb7 18. Rg1 Kh8 19. g5 Rc8 20. gxh6 gxh6 21. Qb3 Rg8 22. Ke2 Qc7 23. Rac1 Rxg1 24. Rxg1 Rg8 25. Rxg8+ Nxg8 26. Kf1 Ba7 27. Qd1 Qb6 28. Qe2 a5 29. b5 Bc8 30. Bc1 Nb8 31. a4 Qc5 32. Nb3 Qc3 33. Qc2 Qxc2 34. Bxc2 Nd7 35. Bd2 Nb6 36. Nxa5 Ne7 37. Ke2 Kg7 38. Be3 f6 39. exf6+ Kxf6 40. Bxh6 Nf5 41. Be3 e5 42. Nc6 d4 43. Bg5+ Ke6 44. Nxa7 Bb7 45. h6 Nxh6 46. Bxh6 Kd5 47. a5 Nc4 48. Bb3 e4 49. Ng5 d3+ 50. Kd1 Kc5 51. Bxc4 Kxc4 52. a6 Ba8 53. Kd2 Kc5 54. Ne6+ Kb6 55. Be3+ Ka5 56. Nc7 1-0

[Event "Online Olym Div4 A"]
[Site "Chess.com INT"]
[Date "2021.08.21"]
[Round "5.3"]
[White "Sikivou, Taione"]
[Black "Jaiswal, Rupesh"]
[Result "1/2-1/2"]
[WhiteElo "1834"]
[BlackElo "2102"]
[PlyCount "111"]
[EventDate "2021.08.20"]
[EventType "team (rapid)"]
[EventRounds "11"]
[EventCountry "USA"]
[SourceTitle "CBM 203 Extra"]
[Source "ChessBase"]
[SourceDate "2021.09.30"]
[SourceVersion "1"]
[SourceVersionDate "2021.09.30"]
[SourceQuality "1"]
[WhiteTeam "Fiji"]
[BlackTeam "Nepal"]
[WhiteTeamCountry "FIJ"]
[BlackTeamCountry "NEP"]

1. e4 c5 2. Nc3 d6 3. d4 cxd4 4. Qxd4 Nc6 5. Qd2 g6 6. b3 Bh6 7. f4 e5 8. Nb5 Bxf4 9. Qxd6 Qxd6 10. Nxd6+ Ke7 11. Ba3 Nd4 12. Bd3 Kf6 13. c3 Ne6 14. Ne2 Kg7 15. 0-0 Nf6 16. g3 Be3+ 17. Kg2 Bc5 18. Bxc5 Nxc5 19. Bc2 Bg4 20. b4 Bxe2 21. Rf2 Ne6 22. Rxe2 Rhd8 23. Rd1 b6 24. Red2 Ne8 25. Nxe8+ Rxe8 26. Rd7 Red8 27. Bb3 Rxd7 28. Rxd7 Kf6 29. Bd5 Rc8 30. c4 a5 31. a3 axb4 32. axb4 h5 33. h4 Rb8 34. Kf2 Rg8 35. Rb7 Ra8 36. Rxf7+ Kxf7 37. Bxa8 Nd4 38. Bd5+ Ke7 39. c5 b5 40. c6 Nc2 41. c7 Kd7 42. Bf7 Nxb4 43. Bxg6 Nd3+ 44. Ke3 Nc5 45. Bxh5 Kxc7 46. Bd1 Kd6 47. h5 Ke7 48. g4 Kf6 49. Bf3 Kg5 50. Kd2 b4 51. Kc2 Kh6 52. Kb2 Kg5 53. Kc2 Kh6 54. Kb2 Ne6 55. Bd1 Nc5 56. Bf3 1/2-1/2

[Event "Oceania Hybrid 3.6 zt"]
[Site "AuNix INT"]
[Date "2021.03.27"]
[Round "5"]
[White "Sikivou, Taione"]
[Black "Salvadora, Angelo"]
[Result "1-0"]
[WhiteElo "1830"]
[BlackElo "1730"]
[PlyCount "51"]
[EventDate "2021.03.20"]
[EventType "tourn"]
[EventRounds "7"]
[EventCountry "NET"]
[SourceTitle "CBM 201 Extra"]
[Source "ChessBase"]
[SourceDate "2021.05.31"]
[SourceVersion "1"]
[SourceVersionDate "2021.05.31"]
[SourceQuality "1"]

1. e4 c6 2. d4 d5 3. Nc3 Nf6 4. e5 Nfd7 5. f4 e6 6. Nf3 h6 7. Be3 Be7 8. Bd3 Nb6 9. 0-0 Nc4 10. Bxc4 dxc4 11. a4 Na6 12. Nd2 Nb4 13. Nxc4 0-0 14. Ne4 f5 15. Ned6 Nd5 16. Rf3 b6 17. Bd2 Bd7 18. Rg3 b5 19. Nb7 Qc7 20. Ncd6 Rab8 21. Qh5 Bxd6 22. Nxd6 Be8 23. Qxh6 g6 24. Nxe8 Qh7 25. Rxg6+ Kh8 26. Qxf8+ 1-0

[Event "Olympiad-42"]
[Site "Baku"]
[Date "2016.09.11"]
[Round "9.3"]
[White "Sikivou, Taione"]
[Black "Hernandez, Roberto1111"]
[Result "1-0"]
[WhiteElo "1812"]
[BlackElo "1798"]
[PlyCount "71"]
[EventDate "2016.09.02"]
[EventType "team-swiss"]
[EventRounds "11"]
[EventCountry "AZE"]
[SourceTitle "CBM 175"]
[Source "ChessBase"]
[SourceDate "2016.11.10"]
[SourceVersion "1"]
[SourceVersionDate "2016.11.10"]
[SourceQuality "1"]
[WhiteTeam "Fiji"]
[BlackTeam "Palau"]
[WhiteTeamCountry "FIJ"]
[BlackTeamCountry "PAL"]

1. e4 g6 2. d4 Bg7 3. Nc3 d6 4. f4 Nf6 5. Nf3 0-0 6. Bd3 Bg4 7. 0-0 Nc6 8. Be3 Nh5 9. Be2 e5 10. fxe5 Bxf3 11. Bxf3 dxe5 12. d5 Nd4 13. Bxh5 gxh5 14. Ne2 c5 15. c3 Nxe2+ 16. Qxe2 Qh4 17. Bxc5 Rfc8 18. Bf2 Qg4 19. Qd3 b6 20. h3 Qg6 21. Bh4 Qd6 22. Rf5 Rc7 23. Raf1 Rf8 24. Bf6 Bxf6 25. Rxf6 Qc5+ 26. Kh2 Rd7 27. Qg3+ Kh8 28. Qxe5 Kg8 29. R1f3 Rfd8 30. Qg5+ Kh8 31. Rg3 Qf8 32. Qe5 Re7 33. Qd4 Re5 34. Qxe5 Qe8 35. Re6+ f6 36. Qxf6# 1-0

[Event "World University-ch 13th"]
[Site "Katowice"]
[Date "2014.08.23"]
[Round "8"]
[White "Oliveira, Fernando Henrique"]
[Black "Sikivou, Taione"]
[Result "1-0"]
[WhiteElo "2178"]
[BlackElo "1817"]
[PlyCount "79"]
[EventDate "2014.08.18"]
[EventType "swiss"]
[EventRounds "9"]
[EventCountry "POL"]
[SourceTitle "CBM 161 Extra"]
[Source "ChessBase"]
[SourceDate "2014.08.29"]
[SourceVersion "1"]
[SourceVersionDate "2014.08.29"]
[SourceQuality "1"]

1. d4 d5 2. c4 c6 3. Nf3 Nf6 4. g3 a6 5. Bg2 dxc4 6. 0-0 b5 7. a4 Bb7 8. b3 cxb3 9. Qxb3 e6 10. Rd1 Qc7 11. Nc3 b4 12. Bf4 Bd6 13. Bxd6 Qxd6 14. a5 c5 15. Na4 c4 16. Qxc4 Nbd7 17. Nc5 Bd5 18. Qxb4 Rb8 19. Qa3 0-0 20. Nxd7 Qxd7 21. Rab1 Rb5 22. Rxb5 Qxb5 23. e3 Rc8 24. Bf1 Qb7 25. Ne5 Rc2 26. Rc1 Rxc1 27. Qxc1 Ne8 28. Qa3 f6 29. Nd3 Bc4 30. Qc5 Qb5 31. Qxb5 Bxb5 32. Nb4 Bxf1 33. Kxf1 Nc7 34. Ke2 Kf7 35. e4 Ke8 36. Kd3 Kd7 37. e5 Nd5 38. Nxd5 exd5 39. f4 Kc6 40. f5 1-0

[Event "Olympiad-41"]
[Site "Tromsoe"]
[Date "2014.08.12"]
[Round "10.4"]
[White "Oberholzer, Rex"]
[Black "Sikivou, Taione"]
[Result "0-1"]
[WhiteElo "2099"]
[BlackElo "1817"]
[PlyCount "60"]
[EventDate "2014.08.02"]
[EventType "team-swiss"]
[EventRounds "11"]
[EventCountry "NOR"]
[SourceTitle "CBM 162"]
[Source "ChessBase"]
[SourceDate "2014.09.17"]
[SourceVersion "1"]
[SourceVersionDate "2014.09.17"]
[SourceQuality "1"]
[WhiteTeam "Namibia"]
[BlackTeam "Fiji"]
[WhiteTeamCountry "NAM"]
[BlackTeamCountry "FIJ"]

1. e4 c6 2. c4 d5 3. cxd5 cxd5 4. exd5 Nf6 5. Qa4+ Nbd7 6. Nc3 g6 7. Nf3 Bg7 8. Bc4 a6 9. d3 0-0 10. Qa3 b6 11. 0-0 Bb7 12. Be3 b5 13. Bb3 Nb6 14. Bc5 Re8 15. Rfe1 Bf8 16. d6 e6 17. d7 Nfxd7 18. Bxf8 Rxf8 19. Re3 Nf6 20. Qb4 Nfd5 21. Nxd5 Nxd5 22. Bxd5 Qxd5 23. Qf4 Rac8 24. d4 Rc2 25. b3 Rfc8 26. Re5 Qc6 27. h3 Rc1+ 28. Re1 Rxa1 29. Rxa1 Qc3 30. Re1 Bxf3 0-1

[Event "Kuala Lumpur DYTM op"]
[Site "Kuala Lumpur"]
[Date "2012.09.18"]
[Round "1"]
[White "Diano, Eden"]
[Black "Sikivou, Taione"]
[Result "1-0"]
[WhiteElo "2416"]
[BlackElo "1818"]
[PlyCount "83"]
[EventDate "2012.09.18"]
[EventType "swiss"]
[EventRounds "9"]
[EventCountry "MAS"]
[SourceTitle "CBM 150 Extra"]
[Source "ChessBase"]
[SourceDate "2012.10.19"]
[SourceVersion "1"]
[SourceVersionDate "2012.10.19"]
[SourceQuality "1"]

1. d4 d5 2. c4 c6 3. Nc3 Nf6 4. Nf3 a6 5. a4 e6 6. e3 Bb4 7. Bd3 Nbd7 8. 0-0 0-0 9. Qc2 h6 10. Rd1 Qc7 11. e4 dxe4 12. Nxe4 Nxe4 13. Bxe4 e5 14. Be3 exd4 15. Bxd4 Nc5 16. Be5 Qb6 17. Bh7+ Kh8 18. h3 f5 19. Bg6 Ne4 20. a5 Qc5 21. b3 Qe7 22. Qc1 Kg8 23. Qf4 Bc5 24. Ra2 Be6 25. Re1 Bb4 26. Ree2 Rad8 27. g3 Rd3 28. Re3 Qd7 29. Kg2 Rd8 30. Nh4 Bd2 31. Bxf5 Bxe3 32. Qxe4 Bxf5 33. Nxf5 Bc5 34. Nxg7 Rd2 35. Nh5 Qf7 36. Qg4+ Kf8 37. Bg7+ Ke7 38. Qh4+ Ke8 39. Nf6+ Qxf6 40. Bxf6 Rxa2 41. Qh5+ Kd7 42. Qxc5 1-0

[Event "Oceania zt"]
[Site "Fiji"]
[Date "2007.05.06"]
[Round "2"]
[White "Guo Yuthok, Sherab"]
[Black "Sikivou, Taione"]
[Result "1/2-1/2"]
[WhiteElo "1877"]
[BlackElo "1529"]
[PlyCount "103"]
[EventDate "2007.05.06"]
[EventType "swiss"]
[EventRounds "9"]
[EventCountry "FIJ"]
[SourceTitle "EXT 2010"]
[Source "ChessBase"]
[SourceDate "2010.11.25"]
[SourceVersion "1"]
[SourceVersionDate "2010.11.25"]
[SourceQuality "1"]

1. e4 c6 2. d4 d5 3. exd5 cxd5 4. Bd3 Nc6 5. c3 Nf6 6. Bf4 e6 7. Nf3 Bd6 8. Bxd6 Qxd6 9. Nbd2 0-0 10. 0-0 h6 11. Qe1 Ng4 12. h3 Nf6 13. Ne5 Nd7 14. f4 f5 15. Ndf3 Ndxe5 16. fxe5 Qd8 17. h4 Bd7 18. Qg3 Ne7 19. Be2 Be8 20. Qh3 Bh5 21. Rf2 Bg4 22. Qh2 Qe8 23. Ne1 Qh5 24. g3 Ng6 25. Nd3 f4 26. Nxf4 Nxf4 27. gxf4 Bxe2 28. Rxe2 Qg4+ 29. Rg2 Qxf4 30. Qxf4 Rxf4 31. Rf1 Raf8 32. Rxf4 Rxf4 33. h5 Rh4 34. Rh2 Rg4+ 35. Kf2 Rf4+ 36. Ke2 b5 37. b3 a6 38. Rh1 Kf7 39. a4 Rg4 40. Kf3 Rg5 41. axb5 axb5 42. b4 Rf5+ 43. Kg4 Rg5+ 44. Kh4 Rg2 45. Ra1 g5+ 46. hxg6+ Kxg6 47. Rf1 Kg7 48. Rf6 Rg6 49. Rf2 Rg1 50. Rf6 Rg6 51. Rf1 Rg2 52. Rf6 1/2-1/2